000 00664nam a2200241Ia 4500
003 OSt
005 20221007075908.0
006 a|||||r|||| 00| 0
007 ta
008 221006b |||||||| |||| 00| 0 eng d
024 _a44,406
037 _cTextual
040 _aFLL
_cFLL
_beng
041 _2eng
_aeng
082 _aZ73,94(S), P5
100 _aSHUMAN Daniel W.
_9694327
245 0 _aPsychiatric and psychological evidence
250 _a3rd
260 _aNew Delhi
_bRakmo Press Pvt. Ltd. India
_c2005
500 _a1st south Asian edition 2014
942 _hZ73,94(S), P5
_cTEXL
_2CC
999 _c1157752
_d1157752